Code of Civil Procedure: (Record no. 1428843)

MARC details
000 -LEADER
fixed length control field 00878nam a2200301Ia 4500
003 - CONTROL NUMBER IDENTIFIER
control field OSt
005 - DATE AND TIME OF LATEST TRANSACTION
control field 20250519162234.0
008 - FIXED-LENGTH DATA ELEMENTS--GENERAL INFORMATION
fixed length control field 25051950409s9999 xx 000 0 eng d
037 ## - SOURCE OF ACQUISITION
Stock number Textbook
040 ## - CATALOGING SOURCE
Original cataloging agency LCT
Language of cataloging eng
Transcribing agency LCT
041 ## - LANGUAGE CODE
Language code of text/sound track or separate title eng
Source of code eng
084 ## - COLON CLASSIFICATION NUMBER
Classification number Z,7,11 Q16
Assigning agency LCT
100 ## - MAIN ENTRY--PERSONAL NAME
Personal name Mulla
9 (RLIN) 784797
245 #0 - TITLE STATEMENT
Title Code of Civil Procedure:
Statement of responsibility, etc. abridged/
Remainder of title by Mulla
250 ## - EDITION STATEMENT
Edition statement 16th ed.
260 ## - PUBLICATION, DISTRIBUTION, ETC.
Place of publication, distribution, etc. Gurgaon, India:
Name of publisher, distributor, etc. Lexis Nexis,
Date of publication, distribution, etc. 2016
300 ## - PHYSICAL DESCRIPTION
Extent ccxliv, 2194p.
365 ## - TRADE PRICE
Price type code INR
Price amount 750
650 ## - SUBJECT ADDED ENTRY--TOPICAL TERM
Topical term or geographic name entry element Law
9 (RLIN) 784798
650 ## - SUBJECT ADDED ENTRY--TOPICAL TERM
Topical term or geographic name entry element Code of Civil Procedure
9 (RLIN) 784799
650 ## - SUBJECT ADDED ENTRY--TOPICAL TERM
Topical term or geographic name entry element Commercial Courts Act
9 (RLIN) 784800
650 ## - SUBJECT ADDED ENTRY--TOPICAL TERM
Topical term or geographic name entry element Civil procedure India
9 (RLIN) 784801
650 ## - SUBJECT ADDED ENTRY--TOPICAL TERM
Topical term or geographic name entry element Criminal law
9 (RLIN) 784802
650 ## - SUBJECT ADDED ENTRY--TOPICAL TERM
Topical term or geographic name entry element Criminal law India
9 (RLIN) 784803
650 ## - SUBJECT ADDED ENTRY--TOPICAL TERM
Topical term or geographic name entry element Law Commentaries
9 (RLIN) 784804
942 ## - ADDED ENTRY ELEMENTS (KOHA)
Koha item type Textbook
Classification part Z,7,11 Q16
Source of classification or shelving scheme Colon Classification (CC)
Suppress in OPAC No
Holdings
Withdrawn status Lost status Source of classification or shelving scheme Damaged status Not for loan Collection Home library Current library Shelving location Date acquired Source of acquisition Cost, normal purchase price Inventory number Total Checkouts Full call number Barcode Date last seen Price effective from Koha item type
    Colon Classification (CC)     Non-fiction Law Centre-II Library Law Centre-II Library General Stacks 2025-05-19 Prolific Publication 2795.00 318/15.01.2018   Z,7,11 Q16 LT0026517 2025-05-19 2025-05-19 Textbook
    Colon Classification (CC)     Non-fiction Law Centre-II Library Law Centre-II Library General Stacks 2025-05-19 Prolific Publication 2795.00 318/15.01.2018   Z,7,11 Q16 LT0026518 2025-05-19 2025-05-19 Textbook
    Colon Classification (CC)     Non-fiction Law Centre-II Library Law Centre-II Library General Stacks 2025-05-19 Prolific Publication 2795.00 318/15.01.2018   Z,7,11 Q16 LT0026519 2025-05-19 2025-05-19 Textbook
    Colon Classification (CC)     Non-fiction Law Centre-II Library Law Centre-II Library General Stacks 2025-05-19 Prolific Publication 2795.00 318/15.01.2018   Z,7,11 Q16 LT0026520 2025-05-19 2025-05-19 Textbook
    Colon Classification (CC)     Non-fiction Law Centre-II Library Law Centre-II Library General Stacks 2025-05-19 Prolific Publication 2795.00 318/15.01.2018   Z,7,11 Q16 LT0026521 2025-05-19 2025-05-19 Textbook
Copyright @ Delhi University Library System